| 000 | 00460nam a22001817a 4500 | ||
|---|---|---|---|
| 003 | NUST - PNEC | ||
| 005 | 20170116180817.0 | ||
| 008 | 150529b xxu||||| |||| 00| 0 eng d | ||
| 020 | _a- | ||
| 040 | _cLIBRARY | ||
| 082 | _a297 SCH | ||
| 100 |
_93727 _aSchuon, Frithjof |
||
| 245 |
_aUnderstanding Islam _cFrithjof Schuon |
||
| 260 |
_aLahore: _bSuhail Academy, _cc1985. |
||
| 300 |
_a159 p. : _c22 cm. |
||
| 650 |
_93728 _aIslam _xGeneral |
||
| 942 |
_2ddc _cBK |
||
| 999 |
_c63554 _d63554 |
||